East Pakistan code / (Record no. 46838)
[ view plain ]
| 000 -LEADER | |
|---|---|
| fixed length control field | 01050nam a2200241 a 4500 |
| 001 - CONTROL NUMBER | |
| control field | 46838 |
| 003 - CONTROL NUMBER IDENTIFIER | |
| rucl marc code | BD-RjUL |
| 005 - DATE AND TIME OF LATEST TRANSACTION | |
| control field | 20211209054219.0 |
| 008 - FIXED-LENGTH DATA ELEMENTS--GENERAL INFORMATION | |
| fixed length control field | 160804m19621961p || ||||||| 0 |eng| |
| 020 ## - INTERNATIONAL STANDARD BOOK NUMBER | |
| Terms of availability | : PRs. 12.50 (V-7) |
| 035 ## - SYSTEM CONTROL NUMBER | |
| System control number | (BD-RjUL)46957 |
| 040 ## - CATALOGING SOURCE | |
| Original cataloging agency | DLC |
| Transcribing agency | CarP |
| Modifying agency | DLC |
| -- | BD-RjUL |
| Language of cataloging | eng |
| 041 ## - LANGUAGE CODE | |
| Language code of text/sound track or separate title | eng |
| 082 ## - DEWEY DECIMAL CLASSIFICATION NUMBER | |
| Edition number | 23 |
| Classification number | 340.9549 |
| Author mark and year | EAE 1961 |
| 110 1# - MAIN ENTRY--CORPORATE NAME | |
| Corporate name or jurisdiction name as entry element | East Pakistan. |
| Subordinate unit | Law (legislative) Department |
| 9 (RLIN) | 151399 |
| 245 10 - TITLE STATEMENT | |
| Title | East Pakistan code / |
| Statement of responsibility, etc. | East Pakistan. Law (legislative) Department |
| 260 ## - PUBLICATION, DISTRIBUTION, ETC. (IMPRINT) | |
| Place of publication, distribution, etc. | Dacca : |
| Name of publisher, distributor, etc. | East Pakistan Government Press, |
| Date of publication, distribution, etc. | 1961 |
| 300 ## - PHYSICAL DESCRIPTION | |
| Pagination | v. ; |
| Size | 26 cm. |
| 505 0# - FORMATTED CONTENTS NOTE | |
| Formatted contents note | Vol. 4, Bengal Acts 1920 to 1930 -- v. 6, Bengal Acts and Regulations, 1939 to 1947 (up to 14-8-1947) -- v. 7, East Bengal Acts, Regulations and Ordinances from the 15th August, 1947 to the 22nd March, 1956 and East Pakistan Acts, Regulations and Ordinances from the 23rd March, 1956 to the 31st December,1959 -- v-2 (Bengal Acts 1862 to 1889) -- |
| 650 ## - SUBJECT ADDED ENTRY--TOPICAL TERM | |
| Topical term or geographic name as entry element | Law |
| Geographic subdivision | East Pakistan |
| 9 (RLIN) | 142691 |
| Topical term or geographic name as entry element | Law |
| 9 (RLIN) | 142692 |
| 942 ## - ADDED ENTRY ELEMENTS (KOHA) | |
| Source of classification or shelving scheme | Dewey Decimal Classification |
| Koha item type | Books |
| Lost status | Source of classification or shelving scheme | Damaged status | Not for loan | Collection code | Permanent Location | Current Location | Shelving location | Date acquired | Source of acquisition | Cost, normal purchase price | Total Checkouts | Full call number | Date last seen | Copy number | Koha item type |
|---|---|---|---|---|---|---|---|---|---|---|---|---|---|---|---|
| Dewey Decimal Classification | Not For Loan | Non-fiction | Central Library, University of Rajshahi | Central Library, University of Rajshahi | Reading Room | 16/10/1973 | Gono projaotantry Bangaldesh Sarker | 52.62 | 340.9549 EAE V-7 1962 | 04/08/2016 | C-1 | Books | |||
| Dewey Decimal Classification | Not For Loan | Non-fiction | Central Library, University of Rajshahi | Central Library, University of Rajshahi | Reading Room | 27/06/1963 | Waris book corporation, | 135.00 | 340.9549 EAE V-4 1962 | 27/09/2016 | C-1 | Books | |||
| Dewey Decimal Classification | Not For Loan | Non-fiction | Central Library, University of Rajshahi | Central Library, University of Rajshahi | Reading Room | 27/06/1963 | Waris book corporation, | 135.00 | 340.9549 EAE V-6 1961 | 27/09/2016 | C-1 | Books | |||
| Dewey Decimal Classification | Non-fiction | Central Library, University of Rajshahi | Central Library, University of Rajshahi | 16/08/1968 | Warise book crops. Dacca | 3.87 | 340.9549 EAE V-2 1963 | 24/11/2016 | C-2 | Books | |||||
| Dewey Decimal Classification | Non-fiction | Central Library, University of Rajshahi | Central Library, University of Rajshahi | 340.9549 EAE 1961 | 25/02/2017 | C-2 | Books | ||||||||
| Dewey Decimal Classification | Non-fiction | Central Library, University of Rajshahi | Central Library, University of Rajshahi | 16/10/1973 | Bangladesh Sarkar | 52.62 | 340.9549 EAE V-6 1961 | 03/05/2017 | C-2 | Books |